000 01160cad a22002295a 4500
001 L139814
008 070812s2007 xxkd f s 000 0 eng d
035 _a(Sirsi) u139814
041 0 _aeng
050 0 4 _a333.33 $2 18
100 1 _aHobbs, Peter
245 0 4 _aThe future of the global real estate market
_bJuly 2007
_h[electronic resource]
260 _aLondon
_bRREEF
_c2007
520 _aEstimates the current value of the global real estate market and examines how the market may change over the next five years. Predicts the value of global invested markets will grow by 40% over the next five years, from US$9.8 trillion in 2006 to US$13.7 trillion in 2011. This represents slower growth than in recent years and there will be significant variations from country to country in terms of the nature of growth and when it will occur.
590 _aKA NTK
651 4 _aInternational
690 _aPROPERTY-COMMERCIAL PROPERTY-COMMERCIAL PROPERTY MARKET
700 1 _aChin, Henry
710 1 _aDeutsche Bank
_bRREEF
_bReal Estate Research
_95322
856 4 0 _uhttps://www.rreef.com
_zView the report free of charge at www.rreef.com...
942 _n0
999 _c107354
_d107354